THE PRINCIPLE OF EXERCISE THERAPY (Record no. 24557)

MARC details
000 -LEADER
fixed length control field 00386nam a22001697a 4500
003 - CONTROL NUMBER IDENTIFIER
control field SGT
020 ## - INTERNATIONAL STANDARD BOOK NUMBER
International Standard Book Number 9789394525122
082 ## - DEWEY DECIMAL CLASSIFICATION NUMBER
Classification number 616.12
Item number E22G
100 ## - MAIN ENTRY--PERSONAL NAME
Personal name GARDINER, M.DENA
245 ## - TITLE STATEMENT
Title THE PRINCIPLE OF EXERCISE THERAPY
250 ## - EDITION STATEMENT
Edition statement 4TH
260 ## - PUBLICATION, DISTRIBUTION, ETC. (IMPRINT)
Place of publication, distribution, etc NEW DELHI
Name of publisher, distributor, etc CBS PUB.
Year of Publication 2022
300 ## - PAGE DESCRIPTION
No. of Pages 324
650 ## - SUBJECT ADDED ENTRY--TOPICAL TERM
Topical term or geographic name as entry element NATUROPATHY
653 ## - KEYWORDS--INDEX TERM
Keyword term THERAPY, EXERCISE.
942 ## - ADDED ENTRY ELEMENTS (KOHA)
Source of classification or shelving scheme Dewey Decimal Classification
Koha item type Books
942 ## - ADDED ENTRY ELEMENTS (KOHA)
-- 9
Holdings
Withdrawn status Lost status Source of classification or shelving scheme Damaged status Not for loan Collection code Home library Current library Shelving location Date acquired Vendor Name Cost, normal purchase price SGTU Bill Number Total Checkouts Full call number Accession No. (Barcode) Date last seen Bill Date Koha item type Date last borrowed Use restrictions
    Dewey Decimal Classification     AYURVEDA SGT FA-FP Library SGT FA-FP Library Text Book 01/08/2023 ABC PVT. 595.00 SGTU 16908   616.12 E22G FA11879 01/08/2023 16/06/2023 Books    
    Dewey Decimal Classification     AYURVEDA SGT FA-FP Library SGT FA-FP Library Text Book 01/08/2023 ABC PVT. 595.00 SGTU 16908 1 616.12 E22G FA11880 08/06/2024 16/06/2023 Books 05/06/2024  
    Dewey Decimal Classification     AYURVEDA SGT FA-FP Library SGT FA-FP Library Text Book 01/08/2023 ABC PVT. 595.00 SGTU 16908 4 616.12 E22G FA11881 14/06/2024 16/06/2023 Books 29/05/2024  
    Dewey Decimal Classification     AYURVEDA SGT FA-FP Library SGT FA-FP Library Text Book 01/08/2023 ABC PVT. 595.00 SGTU 16908 1 616.12 E22G FA11882 09/10/2023 16/06/2023 Books 25/09/2023  
    Dewey Decimal Classification     AYURVEDA SGT FA-FP Library SGT FA-FP Library Text Book 01/08/2023 ABC PVT. 595.00 SGTU 16908 1 616.12 E22G FA11883 25/09/2023 16/06/2023 Books 18/09/2023  
    Dewey Decimal Classification     AYURVEDA SGT FA-FP Library SGT FA-FP Library Text Book 01/08/2023 ABC PVT. 595.00 SGTU 16908   616.12 E22G FA11884 01/08/2023 16/06/2023 Books    
    Dewey Decimal Classification     AYURVEDA SGT FA-FP Library SGT FA-FP Library Text Book 01/08/2023 ABC PVT. 595.00 SGTU 16908   616.12 E22G FA11885 01/08/2023 16/06/2023 Books    
    Dewey Decimal Classification     AYURVEDA SGT FA-FP Library SGT FA-FP Library Text Book 01/08/2023 ABC PVT. 595.00 SGTU 16908   616.12 E22G FA11886 01/08/2023 16/06/2023 Books    
    Dewey Decimal Classification     AYURVEDA SGT FA-FP Library SGT FA-FP Library Text Book 01/08/2023 ABC PVT. 595.00 SGTU 16908 2 616.12 E22G FA11887 05/01/2024 16/06/2023 Books 13/12/2023  
    Dewey Decimal Classification     AYURVEDA SGT FA-FP Library SGT FA-FP Library Reference Book 01/08/2023 ABC PVT. 595.00 SGTU 16908   616.12 E22G FA11888 01/08/2023 16/06/2023 Books   Restricted Access